Statistics for European Cup/UEFA Champions League Runners-Up

Click here to take the quiz!

General Stats

  • This quiz has been taken 486 times
    (463 since last reset)
  • The average score is 44 of 58

Answer Stats

YearWinnersRunners-Up% Correct
1995AjaxMilan
98%
1958Real MadridMilan
98%
1993MarseilleMilan
98%
2005LiverpoolMilan
98%
1985JuventusLiverpool
97%
2007MilanLiverpool
97%
2012ChelseaBayern Munich
96%
1987PortoBayern Munich
96%
2010InternazionaleBayern Munich
96%
1982Aston VillaBayern Munich
96%
1999Manchester UnitedBayern Munich
96%
2008Manchester UnitedChelsea
94%
1973AjaxJuventus
94%
2003MilanJuventus
94%
1997Borussia DortmundJuventus
94%
1998Real MadridJuventus
94%
1983HamburgJuventus
94%
2009BarcelonaManchester United
94%
2011BarcelonaManchester United
94%
1996JuventusAjax
93%
1969MilanAjax
93%
2013Bayern MunichBorussia Dortmund
92%
2006BarcelonaArsenal
91%
1994MilanBarcelona
91%
1986Steaua BucureștiBarcelona
91%
1961BenficaBarcelona
91%
1967CelticInternazionale
91%
1972AjaxInternazionale
91%
1990MilanBenfica
86%
1963MilanBenfica
86%
1965InternazionaleBenfica
86%
1968Manchester UnitedBenfica
86%
1988PSV EindhovenBenfica
86%
1964InternazionaleReal Madrid
81%
1962BenficaReal Madrid
81%
1981LiverpoolReal Madrid
81%
1991Red Star BelgradeMarseille
76%
2004PortoMonaco
76%
2001Bayern MunichValencia
75%
2000Real MadridValencia
75%
2002Real MadridBayer Leverkusen
68%
1970FeyenoordCeltic
68%
1984LiverpoolRoma
65%
1974Bayern MunichAtlético Madrid
60%
1980Nottingham ForestHamburg
59%
1992BarcelonaSampdoria
45%
1975Bayern MunichLeeds United
44%
1989MilanSteaua București
44%
1959Real MadridStade de Reims
40%
1956Real MadridStade de Reims
40%
1977LiverpoolBorussia Mönchengladbach
37%
1957Real MadridFiorentina
35%
1979Nottingham ForestMalmö FF
35%
1960Real MadridEintracht Frankfurt
30%
1971AjaxPanathinaikos
26%
1966Real MadridPartizan
26%
1976Bayern MunichSaint-Étienne
26%
1978LiverpoolClub Brugge
22%

Score Distribution

Percentile by Number Answered

Percent of People with Each Score

Your Score History

You have not taken this quiz since the last reset